000 00227nam a2200097Ia 4500
008 230605s9999 xx 000 0 und d
041 _aeng
100 _aAnderws
245 _aHotel House Keeping Service Mannual
650 _aH.K.
999 _c417128
_d417128